000 00297nam a22001217a 4500
008 180515b xxu||||| |||| 00| 0 eng d
041 _aeng
080 _a043.3
100 _a0
101 _aSHKI-BA
245 _aKrahasimi i Programimit ne Databaze me PL/SQL dhe T-SQL
_cHoti, A
942 _2udc
_cBK
999 _c45786
_d45786